000 00885nmm a2200313 a 4500
003 AR-BaBNM
005 20251128203511.0
008 026119s1929 ||||||||||||||000 | spa||
040 _cAR-BaBNM
100 1 _aBoehn, Max von
245 1 0 _aLa moda
_bhistoria del traje en Europa desde los orígenes del cristianismo hasta nuestros días : siglo XIX : 1843-1878. 7
250 _a1ª ed.
260 _aBarcelona
_bSalvat
_c1929
300 _axxiii, 207 p.
_bláms., il.
650 4 _aPOLITICA
650 4 _aVIDA SOCIAL
650 4 _aARQUITECTURA
650 4 _aFOTOGRAFIA
650 4 _aARTES PLASTICAS
650 4 _aMODA
650 4 _aDISENO DE INDUMENTARIA
650 4 _aHISTORIA DE LAS COSTUMBRES
650 4 _aVESTUARIO
650 4 _aHISTORIA EUROPEA
650 4 _aHISTORIA CULTURAL
700 0 _aMarqués de Lozoya
_eprologuista
942 _cBK
998 _cMARTIN
999 _c3661
_d3661